Las marcas más valiosas en España - Estadísticas

Estadísticas generales
  • Esta prueba ha sido intentada 7.004 veces
  • La puntuación promedio es 10 de 25
Estadísticas de respuestas
# Valor (USD) Marca Categoría % Correcto
1 24.966 Zara Moda
93%
2 13.024 Movistar Telecomunicaciones
82%
6 7.594 Banco Santander Banca
75%
4 8.169 BBVA Banca
63%
3 9.709 Iberdrola Energía
57%
9 2.355 CaixaBank Banca
56%
8 2.418 Repsol Petróleo y gas
54%
18 683 Mahou Cervezas
52%
13 1.815 Bershka Moda
44%
11 1.891 Pull&Bear Moda
44%
15 1.451 Mango Moda
41%
5 7.698 Endesa Energía
38%
16 1.448 Stradivarius Moda
38%
17 1.046 El Corte Inglés Retail
37%
10 2.258 Mercadona Retail
37%
20 605 Cruzcampo Cervezas
34%
23 452 Banco Sabadell Banca
33%
19 645 Mapfre Seguros
26%
24 337 Iberia Viajes
25%
7 4.762 Naturgy Energía
24%
21 573 Glovo Servicio de comida
23%
12 1.890 Massimo Dutti Moda
22%
22 548 Mutua Madrileña Seguros
16%
25 418 Jazztel Telecomunicaciones
9%
14 1.653 LaLiga Entretenimiento
6%
No se encontraron pruebas coincidentes
Distribución de puntuación
Porcentaje de gente con cada puntuación
Porcentaje por número respondido
Historial de tus puntuaciones
No has intentado esta prueba.